Magická hranice životního minima

Určenie výšky životného minima príslušnými zákonmi. Metódy určenia životného minima: 1. normatívna, 2. empirickoanalytická, 3. relatívna. Kombinácia týchto metód pri určovaní úrovne životného minima. Analýza zamestnaneckej domácnosti. Výsledky analýzy.

Na minha lista:
Detalhes bibliográficos
Autor principal: Baštýř, I.
Outros Autores: Červenková, A., Kotýnková, Magdaléna
Formato: Capítulo de Livro
Idioma:tcheco
Assuntos:
Tags: Adicionar Tag
Sem tags, seja o primeiro a adicionar uma tag!

MARC

LEADER 00000naa a2200000 4500
001 r015781
005 20221205085955.0
041 0 |a cze 
044 |a CZ 
245 1 0 |a Magická hranice životního minima  |c I. Baštýř, A. Červenková, Magdalena Kotýnková 
520 |a Určenie výšky životného minima príslušnými zákonmi. Metódy určenia životného minima: 1. normatívna, 2. empirickoanalytická, 3. relatívna. Kombinácia týchto metód pri určovaní úrovne životného minima. Analýza zamestnaneckej domácnosti. Výsledky analýzy. 
610 2 0 |a minimum existenčné 
610 2 0 |a politika sociálna 
610 2 0 |a príjmy 
610 2 0 |a domácnosti 
610 2 0 |a Česko 
100 1 |a Baštýř, I. 
700 1 |a Červenková, A. 
700 1 |a Kotýnková, Magdaléna